IFFHS World's Best Goalkeeper - Statistics

General Stats
  • This quiz has been taken 59 times
  • The average score is 27 of 37
Answer Stats
Year Team Answer % Correct
2017 Juventus Gianluigi Buffon
100%
2007 Juventus Gianluigi Buffon
100%
2006 Juventus Gianluigi Buffon
100%
2004 Juventus Gianluigi Buffon
100%
2003 Juventus Gianluigi Buffon
100%
2020 Bayern Munich Manuel Neuer
100%
2016 Bayern Munich Manuel Neuer
100%
2015 Bayern Munich Manuel Neuer
100%
2014 Bayern Munich Manuel Neuer
100%
2013 Bayern Munich Manuel Neuer
100%
2021 AC Milan / Paris Saint-Germain Gianluigi Donnarumma
98%
2012 Real Madrid Iker Casillas
98%
2011 Real Madrid Iker Casillas
98%
2010 Real Madrid Iker Casillas
98%
2009 Real Madrid Iker Casillas
98%
2008 Real Madrid Iker Casillas
98%
2022 Real Madrid Thibaut Courtois
96%
2018 Chelsea / Real Madrid Thibaut Courtois
96%
2002 Bayern Munich Oliver Kahn
94%
2001 Bayern Munich Oliver Kahn
94%
1999 Bayern Munich Oliver Kahn
94%
2019 Liverpool Alisson Becker
92%
2023 Manchester City Ederson Moraes
92%
2005 Chelsea Petr Čech
87%
1993 Manchester United Peter Schmeichel
60%
1992 Manchester United Peter Schmeichel
60%
2000 Monaco / Manchester United Fabien Barthez
54%
1998 Vélez Sarsfield José Luis Chilavert
31%
1997 Vélez Sarsfield José Luis Chilavert
31%
1995 Vélez Sarsfield José Luis Chilavert
31%
1991 Inter Milan Walter Zenga
19%
1990 Inter Milan Walter Zenga
19%
1989 Inter Milan Walter Zenga
19%
1987 Bayern Munich Jean-Marie Pfaff
15%
1994 KV Mechelen / Benfica Michel Preud'homme
13%
1996 Olympique de Marseille Andreas Köpke
8%
1988 Spartak Moscow Rinat Dasayev
8%
No matching quizzes found
Score Distribution
Percent of People with Each Score
Percentile by Number Answered
Your Score History
You have not taken this quiz